Change is the only Constant: (Record no. 612963)

000 -LEADER
fixed length control field 00406nam a22001217a 4500
020 ## - INTERNATIONAL STANDARD BOOK NUMBER
International Standard Book Number 9698372477
082 ## - DEWEY DECIMAL CLASSIFICATION NUMBER
Classification number 341.4
Author Mark KAR
245 ## - TITLE STATEMENT
Title Change is the only Constant:
Remainder of title ideas to help change the constitutional and legal landscape for the better /
Statement of responsibility, etc. Justice Fazal karim
260 ## - PUBLICATION, DISTRIBUTION, ETC.
Place of publication, distribution, etc. Lahore,
Name of publisher, distributor, etc. Pakistan Law House
Date of publication, distribution, etc. 2019.
300 ## - PHYSICAL DESCRIPTION
Extent 277,p.
650 ## - SUBJECT ADDED ENTRY--TOPICAL TERM
Topical term or geographic name entry element Change is the only Constant
942 ## - ADDED ENTRY ELEMENTS (KOHA)
Source of classification or shelving scheme
Koha item type Book
650 ## - SUBJECT ADDED ENTRY--TOPICAL TERM
-- 127966
Holdings
Withdrawn status Lost status Source of classification or shelving scheme Damaged status Not for loan Permanent Location Current Location Date acquired Source of acquisition Total Checkouts Full call number Barcode Date last seen Date last checked out Price effective from Koha item type
          NUST Law School (NLS) NUST Law School (NLS) 02/25/2025 Purchased by Multiline Books 1 341.4 KAR NLS-17 09/26/2025 04/14/2025 02/25/2025 Book
© 2023 Central Library, National University of Sciences and Technology. All Rights Reserved.